[Event "Tourn. n9872"]
[Site "www.echecsemail.com"]
[Date "2018.09.25"]
[Round "1"]
[White "Stepanpech"]
[Black "Cathar"]
[WhiteElo "2460"]
[BlackElo "2370"]
[Result "1-0"]
[Round "1"]
1.e4 e6
2.d4 d5
3.Nb1c3 Bf8b4
4.e5 c5
5.a3 Bb4xc3
6.bxc3 Ng8e7
7.Qd1g4 O-O
8.Bf1d3 Nb8c6
9.Ng1f3 f5
10.exf6 Rf8xf6
11.Bc1g5 Rf6f7
12.Bg5xe7 Rf7xe7
13.Qg4h4 h6
14.O-O c4
15.Bd3g6 Bc8d7
16.Rf1e1 Bd7e8
17.Bg6xe8 Qd8xe8
18.Nf3e5 Nc6xe5
19.Re1xe5 Qe8d7
20.Ra1e1 Ra8e8
21.f4 Qd7a4
22.f5 Qa4xc2
23.Qh4g3 Qc2d3
24.fxe6 Qd3xg3
25.hxg3 g6
26.g4 Kg7
27.g5 hxg5
28.Re5xd5 Re7xe6
29.Rd5d7 Kf6
30.Re1f1 { resign }
1-0

[Event "Tourn. n9896"]
[Site "www.echecsemail.com"]
[Date "2018.09.25"]
[Round "1"]
[White "Kevinking"]
[Black "Julian"]
[WhiteElo "1960"]
[BlackElo "1820"]
[Result "0-1"]
[Round "1"]
1.c4 d6
2.Nb1c3 Ng8f6
3.d4 Nb8d7
4.e4 e5
5.d5 Bf8e7
6.Ng1f3 Nd7c5
7.Nf3d2 O-O
8.Bf1e2 Bc8d7
9.b4 Nc5a6
10.Ra1b1 c6
11.Nd2f1 cxd5
12.cxd5 Ra8c8
13.Qd1d3 Na6c7
14.Bc1e3 a6
15.Be3b6 Bd7b5
16.Qd3d2 Bb5xe2
17.Kxe2 Qd8d7
18.f3 Nc7b5
19.Nc3d1 Nb5d4
20.Bb6xd4 exd4
21.Rb1c1 Rc8xc1
22.Qd2xc1 Rf8c8
23.Qc1b2 Qd7b5
24.Kf2 Qb5d3
25.Qb2b3 Rc8c2
26.Kg3 Qd3xd1
{ resign }
0-1

[Event "Tourn. n9932"]
[Site "www.echecsemail.com"]
[Date "2018.09.25"]
[Round "1"]
[White "Trisomie73"]
[Black "Falcoale"]
[WhiteElo "1809"]
[BlackElo "1890"]
[Result "1-0"]
[Round "1"]
1.e4 c5
2.Ng1f3 e6
3.d4 cxd4
4.Nf3xd4 Nb8c6
5.Nb1c3 a6
6.Nd4xc6 bxc6
7.Bf1d3 Ng8f6
8.e5 Nf6d5
9.Nc3e4 Qd8c7
10.f4  { time }
1-0

[Event "Match"]
[Site "www.echecsemail.com"]
[Date "2018.09.25"]
[Round "1"]
[White "Grischuk2789"]
[Black "Witpar"]
[WhiteElo "2119"]
[BlackElo "2680"]
[Result "1/2-1/2"]
[Round "1"]
1.c4 e5
2.Nb1c3 Ng8f6
3.Ng1f3 Nb8c6
4.e3 Bf8b4
5.d4 exd4
6.exd4 O-O
7.Bf1e2 d5
8.O-O dxc4
9.Be2xc4 Bc8g4
10.Bc1e3 Ra8b8
11.Bc4e2 Nf6d5
12.Nc3xd5 Qd8xd5
13.h3 Bg4h5
14.a3 Bb4a5
15.Ra1c1 Ba5b6
16.Rc1c3 Rb8d8
17.Qd1c1 Rf8e8
18.Be2c4 Qd5f5
19.Be3g5 Bb6xd4
20.Nf3xd4 Rd8xd4
21.Bg5e3 Rd4d8
22.Bc4b3 a6
23.Bb3a4 Bh5e2
24.Ba4xc6 bxc6
25.Rf1e1 Be2b5
26.b3 h6
27.a4 Bb5d3
28.f3 Rd8d6
29.Rc3xc6 Qf5d5
30.Rc6xd6 cxd6
31.b4 Bd3c4
32.Kf2 Qd5c6
33.a5 Re8e6
34.Be3d4 Qc6d5
35.Re1xe6 fxe6
36.Qc1e3 e5
37.Bd4c3 Bc4b5
38.Kg3 Kh7
39.Qe3e4 Qd5xe4
{ draw }
1/2-1/2

[Event "Match"]
[Site "www.echecsemail.com"]
[Date "2018.09.25"]
[Round "1"]
[White "Dussek"]
[Black "Apdash"]
[WhiteElo "1850"]
[BlackElo "2100"]
[Result "1-0"]
[Round "1"]
1.e4 c5
2.c3 e5
3.Ng1f3 Nb8c6
4.d4 cxd4
5.cxd4 exd4
6.Nf3xd4 Bf8c5
7.Bc1e3 Bc5b4
8.Nb1d2 Ng8f6
9.Bf1d3 Nc6e5
10.Bd3c2 Ne5c4
11.O-O Nc4xe3
12.fxe3 O-O
13.Nd2b3 d6
14.Ra1c1 Bc8g4
15.Qd1d3 g6
16.a3 Bb4c5
17.Nb3xc5 dxc5
18.e5 Nf6h5
19.Nd4f3 Qd8b6
20.b3 Ra8d8
21.Qd3e4 Bg4f5
22.Qe4c4 Bf5e6
23.Qc4a4 c4
24.Nf3d4 cxb3
25.Bc2xb3 Be6xb3
26.Qa4xb3 Qb6a5
27.e6 Rd8d5
28.exf7 Kh8
29.Nd4e6 Qa5d2
30.Ne6xf8 Rd5d8
31.Nf8e6 { resign }
1-0

[Event "Tourn. n9941"]
[Site "www.echecsemail.com"]
[Date "2018.09.25"]
[Round "1"]
[White "Seger"]
[Black "Asoka"]
[WhiteElo "2850"]
[BlackElo "2710"]
[Result "1/2-1/2"]
[Round "1"]
1.d4 d5
2.c4 e6
3.e3 Ng8f6
4.Ng1f3 b6
5.b3 Nb8d7
6.Bf1e2 Bf8d6
7.O-O Bc8b7
8.Bc1b2 O-O
9.Nb1c3 a6
10.a4 c5
11.cxd5 exd5
12.Ra1c1 Ra8c8
13.Be2d3 Qd8e7
14.Nc3e2 Nf6e4
15.Ne2g3 g6
16.Qd1e2 Rc8a8
17.Rc1c2 Rf8e8
18.Rf1c1 f5
19.a5 bxa5
20.Rc1a1 cxd4
21.Nf3xd4 Nd7e5
22.Ra1xa5 Ne5xd3
23.Qe2xd3 f4
24.Nd4c6 Bb7xc6
25.Ng3xe4 Qe7xe4
26.Qd3xe4 dxe4
27.Rc2xc6 Bd6b4
28.Ra5a1 fxe3
{ draw }
1/2-1/2

[Event "1/32 Finale"]
[Site "www.chess-mail.com"]
[Date "2018.09.25"]
[Round "1"]
[White "Asoka"]
[Black "Jaroslavpech"]
[WhiteElo "2690"]
[BlackElo "2460"]
[Result "1/2-1/2"]
[Round "1"]
1.e4 c5
2.Nb1c3 Nb8c6
3.Ng1f3 e5
4.Bf1c4 Bf8e7
5.O-O Ng8f6
6.d3 d6
7.a4 O-O
8.Rf1e1 h6
9.Bc1d2 a6
10.h3 Bc8d7
11.Nc3d5 Nf6xd5
12.Bc4xd5 Bd7e6
13.c3 Ra8c8
14.Bd5xe6 fxe6
15.b4 cxb4
16.cxb4 d5
17.b5 Nc6b4
18.bxa6 bxa6
19.Bd2xb4 Be7xb4
20.Re1e2 Rf8xf3
21.gxf3 Qd8g5
22.Kh1 Qg5h5
23.Kh2 Rc8f8
24.Qd1g1 Rf8xf3
25.Qg1g4 Qh5xg4
26.hxg4 Rf3xd3
27.a5 d4
28.Re2b2 Bb4c3
29.Rb2b8 Kf7
30.Ra1b1 Bc3xa5
31.Rb1b7 Kg6
32.Rb8e8 Kg5
33.Re8xe6 Kf4
34.Rb7xg7 Kxe4
35.Kg2 Ba5d2
36.Rg7e7 Bd2f4
37.Re6xa6 Rd3d2
38.Ra6a1 { draw }
1/2-1/2

[Event "1/128 Finale"]
[Site "www.chess-mail.com"]
[Date "2018.09.25"]
[Round "1"]
[White "Picifarkinca"]
[Black "Bojan"]
[WhiteElo "1450"]
[BlackElo "2060"]
[Result "1-0"]
[Round "1"]
1.d4 g6
2.e4 Bf8g7
3.c4 c6
4.Nb1c3 d6
5.f3 Qd8b6
6.Ng1e2 f5
7.d5 Nb8d7
8.Ra1b1 Nd7e5
9.b3 Qb6a5
10.Qd1c2 fxe4
11.fxe4 Ng8f6
12.Bc1d2 Qa5b6
13.Nc3a4 Qb6c7
14.Rb1c1 O-O
15.Ne2d4 c5
16.Nd4f3 Ne5xf3
17.gxf3 Nf6h5
18.Bd2e3 Rf8xf3
19.Qc2e2 Rf3f7
20.Kd1 Nh5f6
21.Bf1g2 h5
22.Kc2 Bc8d7
23.Na4c3 Ra8e8
24.Rc1f1 Re8f8
25.Rh1g1 Qc7a5
26.Be3g5 Nf6h7
27.Bg5d2 Bg7xc3
28.Bd2xc3 Qa5xa2
29.Bc3b2 Qa2a5
30.Rf1xf7 Rf8xf7
31.Rg1a1 Qa5b6
32.Bg2f3 a6
33.Ra1g1 Bd7g4
34.Bf3xg4 hxg4
35.Rg1xg4 g5
36.h4 Rf7f4
37.Rg4xf4 { resign }
1-0

[Event "Fast Game"]
[Site "www.echecsemail.com"]
[Date "2018.09.25"]
[Round "1"]
[White "Apdash"]
[Black "Zack1984"]
[WhiteElo "1910"]
[BlackElo "1790"]
[Result "0-1"]
[Round "1"]
1.d4 Ng8f6
2.c4 g6
3.Nb1c3 Bf8g7
4.e4 d6
5.Ng1f3 Nb8d7
6.Bf1d3 O-O
7.O-O e5
8.Bc1g5 h6
9.Bg5h4 exd4
10.Nf3xd4 c6
11.Qd1c2 Qd8b6
12.Nd4b3 a5
13.a4 Nd7e5
14.Bd3e2 Bc8e6
15.Nb3d2 g5
16.Bh4g3 Ra8d8
17.Kh1 Ne5g6
18.f4 gxf4
19.Bg3xf4 Ng6xf4
20.Rf1xf4 Nf6d7
21.Ra1f1 Nd7e5
22.b3 Qb6e3
23.Be2h5 Ne5xc4
24.Nd2xc4 Qe3xc3
25.Qc2b1 d5
26.Rf4f3 Qc3d4
27.exd5 Qd4xd5
28.Bh5xf7 Rf8xf7
29.Rf3xf7 Be6xf7
30.h3 b5
31.axb5 Qd5xb5
32.Rf1f5 Qb5b4
33.Nc4xa5 Bf7g6
34.Na5xc6 Bg6xf5
35.Qb1xf5 Rd8d1
36.Kh2 Qb4d6
37.g3 Qd6d2
{ resign }
0-1

[Event "Match"]
[Site "www.echecsemail.com"]
[Date "2018.09.26"]
[Round "1"]
[White "Whitekknight"]
[Black "Zack1984"]
[WhiteElo "1850"]
[BlackElo "1370"]
[Result "0-1"]
[Round "1"]
1.d4 Ng8f6
2.e3 g6
3.Ng1f3 Bf8g7
4.Bf1d3 O-O
5.c3 d5
6.Nf3e5 Nb8d7
7.f4 Nd7xe5
8.fxe5 Nf6d7
9.O-O f6
10.exf6 Nd7xf6
11.Nb1d2 e5
12.dxe5 Nf6g4
13.Nd2f3 Ng4xe5
14.Nf3xe5 Bg7xe5
15.Bc1d2 Rf8xf1
16.Qd1xf1 Qd8d6
17.g3 Bc8g4
18.Qf1g2 Ra8f8
19.Ra1f1 Rf8xf1
20.Qg2xf1 c5
21.Qf1f2 c4
22.Bd3f1 Bg4f5
23.Bf1g2 h5
24.h4 Be5xg3
25.Qf2f3 Bf5e4
26.Qf3e2 Bg3h2
27.Kf1 Be4d3
{ resign }
0-1

[Event "Tourn. n9918"]
[Site "www.echecsemail.com"]
[Date "2018.09.26"]
[Round "1"]
[White "Luizassis"]
[Black "Picifarkinca"]
[WhiteElo "1330"]
[BlackElo "1440"]
[Result "0-1"]
[Round "1"]
1.e4 c6
2.Ng1f3 d5
3.e5 Bc8f5
4.d4 e6
5.g3 Nb8d7
6.Bf1g2 c5
7.c3 Qd8b6
8.O-O Ng8e7
9.Bc1f4 Ne7c6
10.Qd1b3 Qb6xb3
11.axb3 cxd4
12.cxd4 Bf8b4
13.Nb1c3 a6
14.Bf4g5 Bf5c2
15.Ra1c1 Bc2xb3
16.Nf3d2 { time. }
0-1

[Event "Match"]
[Site "www.echecsemail.com"]
[Date "2018.09.26"]
[Round "1"]
[White "Logout"]
[Black "Carsontwhite"]
[WhiteElo "1829"]
[BlackElo "1419"]
[Result "1-0"]
[Round "1"]
1.c4 c5
2.Nb1c3 Nb8c6
3.e3 e5
4.Ng1f3 Ng8f6
5.d4 exd4
6.exd4 cxd4
7.Nf3xd4 Nf6g4
8.Qd1xg4 Bf8d6
9.Qg4xg7 Rh8f8
10.Nd4xc6 bxc6
11.Bf1e2 f6
12.Be2h5 Rf8f7
13.Qg7xf7 
1-0

[Event "Tourn. n9926"]
[Site "www.echecsemail.com"]
[Date "2018.09.26"]
[Round "1"]
[White "Coolant"]
[Black "Pdebonis"]
[WhiteElo "2360"]
[BlackElo "2700"]
[Result "0-1"]
[Round "1"]
1.d4 Ng8f6
2.Ng1f3 e6
3.Bc1g5 c5
4.c3 d5
5.e3 Nb8d7
6.Bf1d3 h6
7.Bg5h4 Bf8e7
8.Nb1d2 O-O
9.O-O a5
10.Qd1e2 b6
11.e4 dxe4
12.Nd2xe4 Bc8b7
13.Bh4xf6 Nd7xf6
14.Ra1d1 Qd8c7
15.dxc5 bxc5
16.Ne4xf6 Be7xf6
17.Bd3e4 a4
18.Be4xb7 Qc7xb7
19.a3 Ra8d8
20.Qe2c2 Rd8d5
21.Rd1d2 Rf8b8
22.Rf1d1 Qb7xb2
23.Qc2xa4 Rd5xd2
24.Rd1xd2 Qb2xa3
{ resign }
0-1

[Event "Tourn. n9958"]
[Site "www.echecsemail.com"]
[Date "2018.09.26"]
[Round "1"]
[White "Orhany24"]
[Black "Apdash"]
[WhiteElo "2070"]
[BlackElo "2160"]
[Result "0-1"]
[Round "1"]
1.e4 e5
2.Ng1f3 Nb8c6
3.Bf1c4 Bf8c5
4.c3 d6
5.h3 Ng8f6
6.O-O Nf6xe4
7.d4 Bc5b6
8.dxe5 O-O
9.Bc4d5 Ne4g3
10.Bc1g5 Qd8e8
11.Rf1e1 Nc6xe5
12.Nf3xe5 dxe5
13.Qd1g4 Bc8xg4
{ resign }
0-1

[Event "Tourn. n9944"]
[Site "www.echecsemail.com"]
[Date "2018.09.26"]
[Round "1"]
[White "Coolant"]
[Black "Rons"]
[WhiteElo "2310"]
[BlackElo "2660"]
[Result "0-1"]
[Round "1"]
1.d4 Ng8f6
2.Ng1f3 e6
3.Bc1f4 b6
4.e3 Bc8b7
5.Bf1d3 d5
6.Nb1d2 Bf8e7
7.h3 O-O
8.O-O c5
9.c3 Nb8c6
10.Qd1e2 c4
11.Bd3c2 b5
12.a3 a5
13.e4 b4
14.axb4 axb4
15.e5 Nf6e8
16.Ra1xa8 Qd8xa8
17.Nf3g5 g6
18.Qe2g4 Qa8a2
19.Qg4h4 h5
20.g4 Qa2xb2
21.Bc2d1 bxc3
22.gxh5 Be7xg5
23.Qh4xg5 cxd2
24.hxg6 Ne8g7
25.Bd1h5 fxg6
26.Bh5xg6 Qb2xd4
{ resign }
0-1

[Event "Match"]
[Site "www.echecsemail.com"]
[Date "2018.09.26"]
[Round "1"]
[White "Cal"]
[Black "Apdash"]
[WhiteElo "1720"]
[BlackElo "2170"]
[Result "0-1"]
[Round "1"]
1.c4 e6
2.a3 Ng8f6
3.d3 c6
4.e4 d5
5.cxd5 cxd5
6.Bc1g5 dxe4
7.d4 Qd8a5
8.Nb1d2 Qa5xg5
9.h3 e3
10.Nd2f3 exf2
11.Kxf2 Nf6e4
12.Ke1 Qg5g3
13.Ke2 Bc8d7
14.a4 Bf8b4
15.Qd1d3 Ne4f2
16.Qd3c4 Nf2xh1
17.Qc4xb4 Qg3c7
18.Nf3d2 Nh1g3
19.Ke1 Nb8c6
20.Bf1d3 Nc6xb4
21.Ng1f3 Nb4xd3
22.Kd1 Ra8c8
23.Nd2c4 Qc7xc4
24.Nf3d2 Qc4c1
25.Ra1xc1 Rc8xc1
{ resign }
0-1

[Event "Tourn. n9938"]
[Site "www.echecsemail.com"]
[Date "2018.09.26"]
[Round "1"]
[White "Bojan"]
[Black "Scasan55"]
[WhiteElo "1950"]
[BlackElo "1860"]
[Result "0-1"]
[Round "1"]
1.e4 c5
2.Ng1f3 d6
3.Bf1c4 e6
4.d4 cxd4
5.Nf3xd4 Nb8c6
6.Bc1e3 a6
7.c3 Qd8c7
8.Nb1d2 Ng8f6
9.f3 b5
10.Bc4d3 Bf8e7
11.h3 h6
12.a3 O-O
13.Qd1e2 Bc8d7
14.Kf2 Nf6h5
15.Ra1g1 Nc6xd4
16.cxd4 f5
17.Nd2f1 f4
18.Be3d2 Be7h4
19.g3 fxg3
20.Nf1xg3 Nh5xg3
21.Rg1xg3 Bh4xg3
22.Kxg3 Rf8f7
23.Rh1c1 Qc7b6
24.Bd2e3 d5
25.e5 Ra8f8
26.f4 a5
27.b3 Rf8c8
28.Rc1b1 Bd7e8
29.Qe2e1 Rf7c7
30.Be3f2 Rc7c3
31.Qe1e3 Be8g6
32.Rb1d1 Rc3xb3
33.a4 bxa4
34.Qe3e2 a3
35.Kg2 Bg6xd3
36.Rd1xd3 Rb3b2
37.Qe2d1 Rc8c2
38.Rd3f3 Rc2d2
39.Qd1g1 a2
{ resign }
0-1

[Event "Match"]
[Site "www.echecsemail.com"]
[Date "2018.09.26"]
[Round "1"]
[White "Ssharp"]
[Black "Bojan"]
[WhiteElo "2260"]
[BlackElo "1950"]
[Result "1-0"]
[Round "1"]
1.e4 e5
2.Nb1c3 c6
3.Bf1c4 Qd8f6
4.Ng1f3 h6
5.d3 d6
6.Bc1d2 Bc8g4
7.Qd1e2 Nb8d7
8.h3 Bg4xf3
9.gxf3 Nd7b6
10.Bc4b3 Qf6g6
11.O-O-O f5
12.Rd1g1 Qg6f6
13.f4 O-O-O
14.fxe5 Qf6xe5
15.Bb3xg8 Rh8xg8
16.Bd2xh6 Rd8e8
17.Bh6e3 f4
18.Qe2g4 Nb6d7
19.Be3xf4 Qe5f6
20.Qg4g3 Rg8h8
21.Bf4g5 Qf6f7
22.f4 b5
23.h4 b4
24.Nc3e2 Qf7xa2
25.Kd2 Qa2f7
26.Rg1a1 Nd7c5
27.Qg3g4 Kb7
28.Ne2d4 g6
29.Nd4b3 Nc5e6
30.Rh1f1 Qf7g7
31.c3 Ne6c7
32.e5 dxe5
33.Nb3a5 Kb6
34.Na5c4 Kb7
35.fxe5 Bf8c5
36.d4 Bc5e7
37.Bg5xe7 Re8xe7
38.Rf1f6 Qg7h6
39.Kc2 Rh8g8
40.Nc4a5 Kb6
41.Rf6xc6 { resign }
1-0

[Event "Tourn. n9963"]
[Site "www.echecsemail.com"]
[Date "2018.09.26"]
[Round "1"]
[White "Apdash"]
[Black "Fantomas"]
[WhiteElo "2270"]
[BlackElo "2090"]
[Result "1-0"]
[Round "1"]
1.d4 d5
2.Ng1f3 Ng8f6
3.c4 e6
4.Nb1c3 h6
5.cxd5 exd5
6.Bc1f4 c6
7.e3 Bf8d6
8.Nf3e5 Qd8c7
9.h3 O-O
10.Bf1d3 Rf8e8
11.Bf4g3 Nb8d7
12.f4 a6
13.Ra1c1 Qc7a5
14.O-O Nd7f8
15.Bg3h4 Nf6h7
16.Qd1h5 Bc8e6
17.f5 g6
18.fxg6 { resign }
1-0

[Event "Fast Game"]
[Site "www.echecsemail.com"]
[Date "2018.09.26"]
[Round "1"]
[White "Krazy4chess"]
[Black "Apdash"]
[WhiteElo "1860"]
[BlackElo "1880"]
[Result "1-0"]
[Round "1"]
1.e4 c5
2.Ng1f3 g6
3.Bf1c4 Bf8g7
4.O-O d6
5.d4 cxd4
6.Nf3xd4 a6
7.Nb1c3 Ng8f6
8.Bc4b3 Nb8c6
9.Nd4xc6 bxc6
10.e5 Nf6g4
11.e6 Ng4e5
12.f4 Qd8b6
13.Kh1 Bc8xe6
14.fxe5 d5
15.Bc1f4 O-O
16.a4 a5
17.Nc3e2 c5
18.Bb3xd5 Ra8d8
19.c4 Be6g4
20.Qd1c2 e6
21.Bd5e4 Bg4xe2
22.Qc2xe2 Rd8d4
23.Qe2c2 Qb6b4
24.b3 Rf8b8
25.Ra1b1 Rb8f8
26.Bf4e3 Rd4d8
27.Be3g5 Rd8d4
28.Bg5f6 Rd4d2
29.Qc2c1 Rd2d4
30.Qc1f4 Qb4d2
31.Qf4xd2 Rd4xd2
32.Rf1d1 Rd2f2
33.Rd1f1 Rf2e2
34.Be4d3 Re2d2
35.Rf1d1 Rd2f2
36.Bf6xg7 Kxg7
37.Kg1 Rf2f4
38.g3 Rf4d4
39.Bd3c2 f5
40.exf6 Rf8xf6
41.Rd1xd4 cxd4
42.Rb1f1 Rf6xf1
43.Kxf1 Kf6
44.Ke2 e5
45.Bc2e4 h6
46.h3 g5
47.g4 Ke6
48.Kd3 Kd6
49.Be4d5 Kc5
50.Ke4 Kb4
51.Kxe5 Kxb3
52.c5 Kxa4
53.c6 d3
54.Bd5f3 d2
55.c7 { resign }
1-0

[Event "Fast Game"]
[Site "www.echecsemail.com"]
[Date "2018.09.26"]
[Round "1"]
[White "Cal"]
[Black "Hennie4820"]
[WhiteElo "1630"]
[BlackElo "1690"]
[Result "1-0"]
[Round "1"]
1.c4 Ng8f6
2.Nb1c3 g6
3.e4 d6
4.d3 Bf8g7
5.h3 O-O
6.Bf1e2 Nb8d7
7.Ng1f3 e5
8.a3 c6
9.Bc1g5 h6
10.Bg5xf6 Nd7xf6
{ time. }
1-0

[Event "Match"]
[Site "www.echecsemail.com"]
[Date "2018.09.27"]
[Round "1"]
[White "Trisomie73"]
[Black "Liencam2"]
[WhiteElo "1809"]
[BlackElo "2350"]
[Result "0-1"]
[Round "1"]
1.Ng1f3 Ng8f6
2.c4 b6
3.d4 Bc8b7
4.g3 g6
5.Bf1g2 Bf8g7
6.O-O e6
7.Nb1c3 d6
8.Qd1c2 O-O
9.e4 Nb8d7
10.Bc1f4 Nf6h5
11.Bf4g5 f6
12.Bg5e3 f5
 { time }
0-1

[Event "Tourn. n9848"]
[Site "www.echecsemail.com"]
[Date "2018.09.27"]
[Round "1"]
[White "Fabos12"]
[Black "Welberth"]
[WhiteElo "1930"]
[BlackElo "2020"]
[Result "0-1"]
[Round "1"]
1.d4 Ng8f6
2.c4 d5
3.cxd5 Nf6xd5
4.e4 Nd5b6
5.Bc1e3 Nb8c6
6.Bf1b5 Bc8d7
7.Bb5xc6 Bd7xc6
8.Nb1c3 e6
9.f3 Bf8b4
10.Ng1e2 O-O
11.Ra1c1 Qd8h4
12.g3 Qh4f6
13.O-O Ra8d8
14.a3 Bb4xc3
15.Rc1xc3 Nb6a4
16.Rc3c2 Na4b6
17.b4 Bc6a4
18.Qd1c1 Ba4xc2
19.Qc1xc2 c6
20.h4 e5
21.Be3g5 Qf6e6
22.Bg5xd8 Rf8xd8
23.dxe5 Qe6xe5
24.f4 Qe5d6
25.Kg2 Qd6d2
26.Rf1c1 Qd2e3
27.Rc1d1 Rd8xd1
28.Qc2xd1 Qe3xe4
29.Kh3 Qe4e6
30.Kh2 Qe6d5
31.Qd1xd5 Nb6xd5
32.Ne2d4 Kf8
33.Nd4f5 Nd5e7
34.Nf5d6 b6
35.Kg2 f5
36.Kf2 g6
37.Ke3 Kg7
38.Kd4 Kf6
39.Nd6e8 Ke6
40.Ne8c7 Kd7
41.Nc7a6 Kc8
42.a4 Kb7
43.b5 c5
44.Ke5 Kc8
45.Kf6 Ne7d5
46.Kg7 c4
47.Kxh7 c3
48.Kxg6 c2
49.h5 c1Q
50.h6 Qc1a1
{ resign }
0-1

[Event "Tourn. n9938"]
[Site "www.echecsemail.com"]
[Date "2018.09.27"]
[Round "1"]
[White "Francesco"]
[Black "Bojan"]
[WhiteElo "1890"]
[BlackElo "1950"]
[Result "1-0"]
[Round "1"]
1.e4 e5
2.Ng1f3 d6
3.d4 exd4
4.Nf3xd4 h6
5.Nb1c3 a6
6.Bc1e3 Ng8e7
7.Bf1c4 Ne7c6
8.Qd1f3 Qd8e7
9.Nc3d5 Qe7d7
10.O-O Nc6e5
11.Qf3e2 Nb8c6
12.f4 Ne5xc4
13.Qe2xc4 b5
14.Qc4xc6 Ra8b8
15.Qc6xc7 Bc8b7
16.Qc7xb8 { resign }
1-0

[Event "Tourn. n9913"]
[Site "www.echecsemail.com"]
[Date "2018.09.27"]
[Round "1"]
[White "Passaroa25"]
[Black "Cal"]
[WhiteElo "1650"]
[BlackElo "1690"]
[Result "0-1"]
[Round "1"]
1.Nb1c3 e5
2.Ng1f3 d6
3.e4 h6
4.d3 Ng8f6
5.h3 Nb8c6
6.a3 a6
7.Bc1d2 b5
8.Bf1e2 Nc6e7
9.b4 Ne7g6
10.g3 Bf8e7
11.O-O O-O
12.Nc3d5 Bc8xh3
13.Rf1e1 Nf6xd5
14.exd5 f5
15.Kh2 Bh3g4
16.c4 e4
17.dxe4 fxe4
18.Nf3d4 Bg4xe2
19.Nd4xe2 Be7f6
20.Ra1c1 Bf6e5
21.f4 Be5b2
22.Rc1c2 Bb2f6
23.Bd2c3 a5
24.cxb5 a4
25.Ne2d4 Bf6h4
26.Nd4e2 Bh4f6
27.Bc3xf6 Rf8xf6
28.Ne2c3 Rf6f5
29.Nc3xe4 Qd8d7
30.Rc2c6 Rf5h5
31.Kg2 Qd7h3
32.Kf2 Qh3h2
33.Kf3 Rh5h3
34.Kg4 Qh2g2
35.Re1e3 Ra8f8
{ resign }
0-1

[Event "Tourn. n9917"]
[Site "www.echecsemail.com"]
[Date "2018.09.27"]
[Round "1"]
[White "Cathar"]
[Black "Ejner"]
[WhiteElo "2400"]
[BlackElo "2410"]
[Result "0-1"]
[Round "1"]
1.d4 e6
2.c4 Bf8b4
3.Bc1d2 a5
4.Ng1f3 d6
5.g3 Nb8c6
6.Bf1g2 e5
7.O-O exd4
8.Nf3xd4 Nc6xd4
9.Bd2xb4 axb4
10.Qd1xd4 Ng8f6
11.Rf1d1 Ra8a6
12.c5 Qd8e7
13.Qd4xb4 dxc5
14.Qb4b5 c6
15.Qb5d3 O-O
16.Nb1c3 Bc8e6
17.Qd3d6 Qe7xd6
18.Rd1xd6 Ra6a8
19.b3 Rf8d8
20.Ra1d1 Rd8xd6
21.Rd1xd6 Kf8
22.Rd6d2 Ke7
23.Nc3a4 Nf6d7
24.Rd2c2 c4
{ resign }
0-1

[Event "Tourn. n9814"]
[Site "www.echecsemail.com"]
[Date "2018.09.27"]
[Round "1"]
[White "Tartan"]
[Black "Marbachess"]
[WhiteElo "2490"]
[BlackElo "2550"]
[Result "0-1"]
[Round "1"]
1.d4 f5
2.g3 Ng8f6
3.Bf1g2 e6
4.Ng1f3 d5
5.O-O Bf8d6
6.b3 Qd8e7
7.a4 a5
8.Bc1a3 O-O
9.c4 c6
10.Ba3xd6 Qe7xd6
11.c5 Qd6e7
12.e3 b6
13.cxb6 Bc8a6
14.Rf1e1 Nb8d7
15.Qd1c2 Rf8c8
16.Nb1c3 Rc8b8
17.b7 Rb8xb7
18.Nc3e2 Nf6e4
19.Qc2xc6 Qe7e8
20.Ne2f4 Rb7b6
21.Qc6c2 Ra8c8
22.Qc2b2 g5
23.Nf4e2 Qe8d8
24.Re1c1 Ba6c4
25.Nf3d2 Ne4xd2
26.Qb2xd2 Rb6xb3
27.Ra1b1 Rb3b4
28.Ne2c3 Nd7f6
29.Rb1xb4 axb4
30.Nc3d1 Qd8f8
31.Nd1b2 b3
32.Qd2a5 Qf8a3
33.Qa5d2 g4
34.Nb2d3 Kg7
35.Nd3b2 h5
36.f4 Bc4a6
37.Kf2 Rc8xc1
38.Qd2xc1 Ba6c4
39.Kg1 Nf6d7
40.h4 gxh3
41.Bg2xh3 Nd7b6
42.Qc1d2 Nb6xa4
{ resign }
0-1

[Event "Tourn. n9914"]
[Site "www.echecsemail.com"]
[Date "2018.09.27"]
[Round "1"]
[White "Bojan"]
[Black "Hundegana"]
[WhiteElo "2030"]
[BlackElo "2060"]
[Result "0-1"]
[Round "1"]
1.e4 e5
2.Bf1c4 Bf8c5
3.Ng1f3 Nb8c6
4.Nb1c3 a6
5.a3 Ng8f6
6.h3 O-O
7.Qd1e2 Nc6d4
8.Nf3xd4 Bc5xd4
9.Qe2f3 b5
10.Bc4b3 Bc8b7
11.Nc3d5 Nf6xd5
12.exd5 d6
13.c3 Bd4b6
14.d3 Qd8f6
15.Qf3xf6 gxf6
16.Bc1h6 Rf8e8
17.f3 Kh8
18.Kd2 Re8g8
19.g4 Rg8g6
20.Bh6e3 Bb6xe3
21.Kxe3 Ra8g8
22.c4 f5
23.Bb3c2 f4
24.Ke4 Bb7c8
25.b4 Rg8f8
26.d4 f5
27.Kd3 Rf8e8
28.Ra1e1 e4
29.fxe4 fxe4
30.Re1xe4 Re8xe4
31.Kxe4 Rg6f6
32.Rh1f1 bxc4
33.Rf1f3 Kg7
34.Bc2d1 Rf6f7
35.Bd1c2 h5
36.Rf3xf4 hxg4
37.hxg4 Rf7xf4
38.Kxf4 Bc8d7
39.Kg5 Bd7e8
40.Bc2b1 Be8f7
41.Bb1e4 c3
42.Kf4 Bf7xd5
43.Be4d3 Kf6
44.g5 Kg7
45.Ke3 Bd5b3
46.Bd3xa6 Kg6
47.Ba6d3 Kxg5
48.Bd3b1 c2
{ resign }
0-1

[Event "Tourn. n9947"]
[Site "www.echecsemail.com"]
[Date "2018.09.27"]
[Round "1"]
[White "Gandalf50"]
[Black "Estonia"]
[WhiteElo "2150"]
[BlackElo "2020"]
[Result "1-0"]
[Round "1"]
1.c4 e5
2.Ng1f3 Nb8c6
3.d4 exd4
4.Nf3xd4 Nc6xd4
5.Qd1xd4 d6
6.Nb1c3 Ng8f6
7.g3 Bf8e7
8.Bf1g2 O-O
9.O-O c6
10.Bc1f4 Nf6h5
11.Bf4e3 f5
12.Rf1d1 c5
13.Qd4d3 Bc8d7
14.Be3xc5 Bd7c6
15.Bc5xd6 Be7xd6
16.Qd3xd6 Qd8xd6
17.Rd1xd6 Nh5f6
18.Bg2xc6 bxc6
19.Ra1d1 Ra8c8
20.Kg2 h6
21.c5 Nf6e4
22.Nc3xe4 fxe4
23.Rd6d7 Rc8b8
24.b3 a5
25.Rd7c7 Rf8f6
26.Rd1d7 Rf6g6
27.Rd7d6 Kh7
28.Rd6xg6 Kxg6
29.Rc7xc6 Kf5
30.Rc6c7 g5
31.c6 Kg6
32.Rc7a7 Rb8b5
33.c7 Rb5c5
34.Ra7xa5 Rc5xc7
35.b4 Rc7c2
36.e3 Rc2b2
37.b5 h5
38.a4 g4
39.Ra5a6 Kf5
40.b6 { resign }
1-0

[Event "Match"]
[Site "www.echecsemail.com"]
[Date "2018.09.27"]
[Round "1"]
[White "Cal"]
[Black "J1j6"]
[WhiteElo "1720"]
[BlackElo "2050"]
[Result "1-0"]
[Round "1"]
1.c4 g6
2.d4 Bf8g7
3.Nb1c3 c5
4.e3 cxd4
5.exd4 Qd8b6
6.Ng1f3 e6
7.a3 Nb8c6
8.Bf1d3  { time }
1-0

[Event "Tourn. n9931"]
[Site "www.echecsemail.com"]
[Date "2018.09.27"]
[Round "1"]
[White "Julian"]
[Black "Falcoale"]
[WhiteElo "1760"]
[BlackElo "1890"]
[Result "1-0"]
[Round "1"]
1.e4 c5
2.Ng1f3 e6
3.d4 cxd4
4.Nf3xd4 Nb8c6
5.Bc1e3 Ng8f6
6.Nb1c3 a6
7.Bf1c4 Bf8b4
8.O-O Bb4xc3
9.bxc3 O-O
10.Nd4xc6  { time }
1-0

[Event "Tourn. n9932"]
[Site "www.echecsemail.com"]
[Date "2018.09.27"]
[Round "1"]
[White "Trisomie73"]
[Black "Fabos12"]
[WhiteElo "1809"]
[BlackElo "1960"]
[Result "0-1"]
[Round "1"]
1.Ng1f3 e6
2.g3 Nb8c6
3.Bf1g2 b6
4.O-O Bc8b7
5.c4 d5
6.d4 Ng8f6
7.Nb1c3 Bf8d6
8.Bc1g5 Nc6a5
9.cxd5 exd5
 { time }
0-1

[Event "Match"]
[Site "www.echecsemail.com"]
[Date "2018.09.27"]
[Round "1"]
[White "Apdash"]
[Black "Llord"]
[WhiteElo "2200"]
[BlackElo "1920"]
[Result "1-0"]
[Round "1"]
1.d4 Ng8f6
2.c4 Nb8c6
3.d5 Nc6e5
4.Nb1d2 d6
5.e3 Bc8f5
6.f4 Ne5d7
7.Ng1f3 e5
8.Nf3h4 Bf5g4
9.Nh4f3 e4
10.h3 Bg4xf3
11.gxf3 exf3
12.Nd2xf3 Nf6e4
13.Bf1d3 Nd7f6
14.Qd1c2 Qd8e7
15.Nf3d4 Ne4c5
16.Bc1d2 Nc5xd3
17.Qc2xd3 Nf6e4
18.Nd4f5 Ne4c5
19.Qd3b1 Qe7e4
20.Qb1xe4 Nc5xe4
21.Rh1g1 g6
22.Nf5g3 Ne4xd2
23.Kxd2 Bf8g7
24.Ra1b1 O-O
25.Kd3 Rf8e8
26.h4 Re8e7
27.h5 Ra8e8
28.e4 a6
29.b4 Kf8
30.hxg6 hxg6
31.Rb1e1 Bg7h6
32.f5 Bh6f4
33.fxg6 Bf4xg3
34.Rg1xg3 fxg6
35.Rg3xg6 Re7f7
36.Kd4 b6
37.a3 c5
38.dxc6 Re8d8
39.Kd5 Rf7c7
40.Rg6xd6 { resign }
1-0

[Event "Tourn. n9781"]
[Site "www.chess-mail.com"]
[Date "2018.09.28"]
[Round "1"]
[White "Gvladutz"]
[Black "Ejner"]
[WhiteElo "2550"]
[BlackElo "2420"]
[Result "1-0"]
[Round "1"]
1.Ng1f3 d5
2.g3 c5
3.Bf1g2 Nb8c6
4.d4 e6
5.O-O Ng8f6
6.c4 Bf8e7
7.cxd5 exd5
8.dxc5 Be7xc5
9.Bc1g5 O-O
10.Nb1c3 d4
11.Bg5xf6 Qd8xf6
12.Nc3d5 Qf6f5
13.Nf3h4 Qf5e5
14.Ra1c1 Qe5d6
15.Qd1c2 Bc5b6
16.Nd5xb6 axb6
17.Bg2xc6 bxc6
18.Qc2xc6 Qd6xc6
19.Rc1xc6 Ra8xa2
20.Rc6xb6 Bc8a6
21.Rf1e1 d3
22.exd3 Ba6xd3
23.Nh4f3 Bd3c4
24.Nf3d4 g6
25.Re1c1 Bc4d5
26.Rb6d6 Bd5a8
27.b4 Kg7
28.b5 Ra2b2
29.Rd6d7 Rf8c8
30.Rc1d1 Kf6
31.Rd1a1 Rb2a2
32.Ra1e1 Rc8e8
33.Rd7d6 Kg7
34.Re1d1 h5
35.Rd6a6 Ra2b2
36.Ra6a1 Kf6
37.Rd1b1 Rb2xb1
38.Ra1xb1 Re8e4
39.Nd4c2 Re4c4
40.Nc2e3 Rc4c5
41.b6 Ba8b7
42.Kf1 Ke6
43.Ke2 Kd7
44.Kd3 Kc8
45.Kd4 Rc5c6
46.Ne3c4 Rc6e6
47.Kc5 Re6c6
48.Kb5 Rc6e6
49.Rb1c1 Kb8
50.Rc1d1 { resign }
1-0

[Event "Match"]
[Site "www.echecsemail.com"]
[Date "2018.09.28"]
[Round "1"]
[White "Micheles"]
[Black "Trisomie73"]
[WhiteElo "2540"]
[BlackElo "1809"]
[Result "1-0"]
[Round "1"]
1.d4 Ng8f6
2.Ng1f3 g6
3.Bc1g5 Bf8g7
4.Nb1d2 O-O
5.e4 d5
6.exd5 h6
7.Bg5xf6 exf6
8.Bf1e2 Qd8xd5
9.O-O Nb8c6
10.Be2c4 Qd5d7
11.c3 b6
12.Rf1e1 Bc8b7
13.Qd1e2  { time }
1-0